000 00298pab a2200121 454500
008 180718b xxu||||| |||| 00| 0 eng d
100 _aDhavan, Rajeev
245 _aHinduism has flowered under constitution
650 _a Hinduism
650 _aReligion and State
773 _aPioneer
909 _a24168
999 _c24168
_d24168